000 00631nam a2200229 u 4500
001 000022737
003 OSt
005 20201021110254.0
008 101117s2011 dr r 000 | spa d
040 _aDO-SdBNP
_bspa
_cBNPHU
082 _a833.912
_bK11m, 2011
100 1 _aKafka, Franz
_912598
_d1883-1924
245 1 3 _aLa metamorfosis /
_cFranz Kafka;.
260 _aSanto Domingo :
_bAlas,
_c2011.
300 _a81 p. ;
_c18 cm.
490 1 _aClásicos ;
_v1 ;
590 _aInventariado, 2020/ YL
650 4 _aNovela alemana
_93302
650 4 _aLiteratura alemana
_93274
830 0 _aClásicos
_v1
_94072
942 _2ddc
_cLBS1
999 _c48938
_d48938